000 00527nam a2200205Ia 4500
003 OSt
005 20220926043630.0
006 a|||||r|||| 00| 0
007 ta
008 220923b |||||||| |||| 00| 0 eng d
037 _cGeneral Book
040 _aRTL
_cRTL
_beng
041 _2eng
_aeng
082 _aY1z7, J71
100 _aRadcliffe-Brown
_9348072
245 0 _aNatural science of society
650 _aEssays Sociology
942 _hY1z7, J71
_cGB
_2CC
999 _c672813
_d672813